[Event "33rd ECCC Open 2017"]
[Site "Antalya"]
[Date "2017.10.16"]
[Round "7"]
[White "Kramnik, Vladimir"]
[Black "Inarkiev, Ernesto"]
[Result "1-0"]
[WhiteElo "2794"]
[BlackElo "2693"]
[Annotator "TA"]
[PlyCount "175"]
[EventType "team-tourn"]
[EventCountry "TUR"]
[SourceTitle "playchess.com"]
[Source "ChessBase"]
[SourceQuality "1"]
[WhiteTeam "Globus"]
[BlackTeam "Legacy Square Capital"]

{[%evp 9,175,11,24,18,11,11,4,11,34,27,48,32,50,55,47,63,66,72,77,70,81,69,64,66,71,64,103,89,98,104,99,98,112,98,98,98,100,98,124,133,124,116,118,125,115,110,112,111,120,112,127,126,125,120,119,119,325,151,312,152,313,318,325,318,318,314,292,299,224,139,153,129,118,120,137,50,50,50,50,44,48,48,48,37,89,89,89,89,89,89,89,89,89,89,89,89,89,89,89,89,89,89,89,89,89,89,89,89,174,171,190,187,227,196,209,209,193,168,283,283,283,287,579,528,877,864,805,779,776,768,737,722,5135,4493,2440,29942,29963,29963,29967,29967,29967,29968,29969,29967,29972,29973,29975,29976,29976,29977,29976,29975,29974,29975,29976,29977,29976,29977,29977,29976,29976,29976,29976,29977,29977,29977,29976,29978]} 1. c4 e5 2. d3 Nf6 3. Nf3 Bb4+ (3... Nc6 4. a3 a5 5. Nc3 g6 6. g3 Bg7 7. Bg2 O-O 8. O-O d6 9. Rb1 Re8 10. e4 Bg4 11. h3 Bxf3 12. Bxf3 Nd4 13. Bg2 Nd7 14. Be3 c6 15. h4 h5 16. Bh3 Kh7 17. Kh2 Qe7 18. Ne2 Ne6 {1-0 (38) Topalov,V (2749)-Bacrot,E (2708) Paris 2017}) 4. Nbd2 Qe7 5. a3 Bd6 $146 ({Predecessor:} 5... Bxd2+ 6. Bxd2 e4 7. dxe4 Nxe4 8. Bf4 d6 9. e3 O-O 10. Be2 Bg4 {1-0 (40) Bocharov,D (2585)-Hasangatin,R (2502) Sochi 2017}) 6. d4 {A20: English Opening: 1...e5} exd4 7. Nxd4 Bc5 8. N2f3 {The position is equal.} d5 9. cxd5 O-O 10. Bg5 h6 11. Bxf6 Qxf6 12. e3 c6 13. Rc1 Bb6 14. Bc4 Bg4 15. O-O Rd8 16. dxc6 Nxc6 17. Qb3 Rd7 18. h3 Bxf3 19. Nxf3 Rad8 20. Bb5 Rd6 21. Bxc6 Rxc6 22. Rxc6 Qxc6 23. Rd1 Rc8 24. Ne5 Qe8 25. Nd7 Rc6 26. Nxb6 Rxb6 $16 {[%mdl 4096] Endgame KQR-KQR} 27. Qc3 Qe4 28. Rd4 Qb1+ 29. Kh2 Rc6 30. Qb4 Rf6 31. f4 $40 {[%cal Bf2f4,Bf4f5,Bf5f6][%mdl 160] White wants a kill.} b6 32. Qd2 Rc6 $2 (32... a6 $16 33. e4 Kh7) 33. Rd8+ $18 Kh7 34. Qd5 (34. Qd7 $1 $18 {[%cal Rd7f7] is the precise move to win.} Rf6 35. Qc8 (35. Qxa7 Qe4 $16)) 34... Re6 $2 (34... Qg6 $16 35. Rf8 Rc2) 35. f5 $1 {[%cal Rf5e6]} Re7 36. f6 $1 {[%cal Rf6e7]} gxf6 37. Qa8 $1 {Intending Rh8+ and mate.} Qe4 38. Rh8+ Kg6 39. Qg8+ Kf5 40. Qh7+ Ke5 41. Qxh6 Ke6 42. Rd8 (42. Kg3 $16) 42... Qe5+ $14 43. Qf4 Qxf4+ 44. exf4 {KR-KR} Kf5 45. Rd4 Re2 46. Rb4 Kg6 (46... Re3 $1 $14) 47. Rb3 $16 Rf2 48. Kg3 Rf1 49. Rd3 f5 50. Rd6+ f6 51. Rd2 Kh5 52. Rd5 Kg6 53. Rb5 Rd1 54. Kf2 Rd3 55. g3 Rd2+ 56. Ke3 Rh2 57. h4 Rg2 58. Kf3 Rd2 (58... Rh2 $16 {might work better.}) 59. Rb3 $1 $18 Kh5 60. Ke3 $1 {[%cal Re3d2]} Rd1 61. Rd3 Rb1 62. b3 $1 Ra1 63. a4 Re1+ {[#]} (63... Kg4 {is a better defense.}) 64. Kd4 $1 Re4+ {[#]} 65. Kd5 $1 {[%cal Rd5c6]} Kg4 $2 (65... a5 66. Kc6 Rb4) 66. Kc6 Rb4 67. Kb7 a5 68. Ka6 Kh5 69. Rd6 Rxb3 70. Rxf6 Rxg3 71. Rxf5+ Kxh4 72. Kxb6 Rg8 {White mates.} 73. Kxa5 Ra8+ 74. Kb5 Rb8+ 75. Kc6 Kg4 76. Rb5 Ra8 77. a5 {[%cal Ba4a5,Ba5a6][%mdl 32]} Kxf4 78. Kb7 Rh8 79. a6 Rh7+ 80. Kb6 Rh6+ 81. Ka5 Rh7 82. Rc5 Ke4 83. Kb6 Kd4 84. Rc7 Rh1 85. a7 Rb1+ 86. Kc6 Ra1 87. Kb7 Rb1+ 88. Kc8 {Precision: White = 81%, Black = 57%.} 1-0

[Event "33rd ECCC Open 2017"]
[Site "Antalya"]
[Date "2017.10.16"]
[Round "7"]
[White "Grischuk, Alexander"]
[Black "Malakhov, Vladimir"]
[Result "1/2-1/2"]
[WhiteElo "2785"]
[BlackElo "2691"]
[Annotator "TA"]
[PlyCount "200"]
[EventType "team-tourn"]
[EventCountry "TUR"]
[SourceTitle "playchess.com"]
[Source "ChessBase"]
[SourceQuality "1"]
[WhiteTeam "Globus"]
[BlackTeam "Legacy Square Capital"]

{[%evp 11,200,40,34,36,34,25,30,32,31,25,32,32,35,22,29,38,35,44,42,35,42,28,42,42,45,49,52,52,52,52,52,52,50,47,63,58,69,74,65,24,54,0,38,24,37,24,24,22,19,29,34,29,34,0,0,0,0,0,49,45,40,11,11,11,14,0,41,32,65,6,63,63,63,63,63,63,63,63,63,63,63,63,166,148,193,193,190,187,173,188,171,178,220,63,63,63,63,0,63,63,63,63,63,63,63,23,63,63,63,63,63,63,63,63,63,63,63,63,63,21,63,0,63,63,63,37,63,63,63,63,60,62,70,72,70,70,70,0,76,0,69,68,69,55,69,0,68,68,80,79,79,68,68,60,96,95,96,100,162,147,158,158,203,202,227,198,320,229,225,220,210,210,200,0,0,0,0,0,0,0,0,0,0,0,0,0,0,0,0,0,0]} 1. d4 d5 2. c4 c6 3. Nf3 Nf6 4. Nc3 a6 5. c5 Bf5 6. Qb3 Ra7 {LiveBook: 39 Games. D15: Slav Defence: 4 Nc3 a6 and gambit lines after 4 Nc3 dxc4} (6... Qc8 7. Nh4 Bg6 8. Na4 Nbd7 9. Bf4 e6 10. f3 Be7 11. g4 Bd8 12. O-O-O Bc7 13. Bg3 O-O 14. e3 {1-0 (38) Wang,Y (2729)-Bu,X (2710) Shenzhen 2015}) 7. Nh4 Bg6 8. Bg5 Nbd7 {White has an edge.} 9. Nxg6 hxg6 10. e4 dxe4 11. g3 $146 ({Predecessor:} 11. Bc4 e6 12. Nxe4 Be7 13. Nd2 O-O 14. Nf3 Nd5 15. h4 N7f6 16. Ne5 Ne4 17. Bxd5 exd5 18. Bf4 Qa5+ 19. Kf1 Qb5+ 20. Kg1 Qxb3 {½-½ (20) Zaja,I (2488)-Tukmakov,V (2604) Pula 2001}) 11... e6 12. Bg2 Be7 13. O-O Nd5 14. Bxe7 Nxe7 15. Nxe4 O-O 16. Rac1 Nf5 17. Rfd1 Nf6 18. Ng5 Qe7 19. Nf3 Rd8 20. Rd3 Raa8 21. Rcd1 Nd5 22. a3 g5 23. h3 g6 24. Qc4 Kg7 25. b4 f6 26. a4 (26. Nd2 $14) 26... Nc7 27. Nd2 Rab8 28. Nb3 Nd5 29. b5 axb5 30. axb5 Qd7 31. b6 Ra8 32. Re1 Ra3 33. Rdd1 Rda8 34. Ra1 Nh6 35. Rxa3 Rxa3 36. Ra1 (36. Qc2 {is more complex.} Ne7 37. Qb2 Ra8 38. Ra1 Rb8 39. Qe2) 36... Rxa1+ 37. Nxa1 Nf7 38. Nb3 Nd8 39. Qa4 Ne7 40. Qa7 (40. Qa8 $14) 40... Qc8 ({Better is} 40... e5 $1 $11) 41. Bf1 $14 {Na5 is the strong threat.} Nd5 42. Nd2 Nb4 43. Bc4 Nf7 $1 44. Qa4 Nd5 45. Ne4 f5 46. Nd2 Nd8 (46... Kf6 $14) 47. Qa7 $1 $18 Kf6 48. Nf3 $1 Nf7 49. Ba6 Nd8 50. Ne5 $1 Nb4 51. Bf1 Nf7 52. Nc4 $2 (52. Qa4 $18 Nd5 53. Nxc6) 52... Ke7 53. Na5 Nd8 54. Nc4 Nf7 55. Qa4 Nd5 56. Qa1 Kf6 57. Bg2 Qd8 58. Qa7 Qc8 59. Qa3 Qd8 60. Qa1 Qb8 61. Bf3 Qd8 62. Kg2 Qb8 63. Kf1 Qd8 64. Ke2 Ke7 65. Qa3 Kf6 66. Qa1 Ke7 $1 67. Na5 Qc8 68. Nb3 Kf6 69. Ke1 Qd8 70. Qa7 Qc8 71. Be2 Nd8 72. Kd2 Nb4 73. Kc3 Nd5+ 74. Kd2 Nb4 $1 75. Kc3 Nd5+ 76. Kb2 Nb4 77. Qa4 Nd5 78. Qa7 Nb4 $1 79. Bc4 $36 {[%mdl 2048] Black is under pressure.} Nd5 80. Nd2 Ne7 81. Kb3 Nf7 82. Nf3 g4 83. hxg4 fxg4 84. Nd2 Nf5 (84... Kg7 $16) 85. Qa1 $1 Ke7 86. Kb4 Qd7 87. Nb3 Ng5 88. Qa8 Ne4 (88... Nf7 $142 89. Qa1 Ng5) 89. Qh8 {aiming for Qh7+.} Nf6 {[#]} 90. Ka3 $1 Kf7 91. Qb8 Nxd4 {[#]} 92. Nxd4 $2 (92. Na5 $1 $18) 92... Qxd4 $11 {The position is equal.} 93. Qxb7+ Nd7 94. Qxc6 (94. Kb3 Kf6 $17) 94... Qc3+ 95. Bb3 Nxc5 {[%csl Gc5][%cal Rc3b3]} 96. Qb5 Nxb3 97. Qxb3 Qa5+ 98. Kb2 Qd2+ 99. Ka3 Qa5+ 100. Kb2 Qd2+ {Precision: White = 69%, Black = 63%.} 1/2-1/2

[Event "33rd ECCC Open 2017"]
[Site "Antalya"]
[Date "2017.10.15"]
[Round "7"]
[White "Ding, Liren"]
[Black "Nisipeanu, Liviu-Dieter"]
[Result "1/2-1/2"]
[WhiteElo "2772"]
[BlackElo "2672"]
[Annotator "TA"]
[PlyCount "61"]
[EventType "team-tourn"]
[EventCountry "TUR"]
[SourceTitle "playchess.com"]
[Source "ChessBase"]
[SourceQuality "1"]
[WhiteTeam "Alkaloid"]
[BlackTeam "Baia Mare"]

{[%evp 14,61,14,2,0,0,7,0,0,0,0,0,-6,-6,-6,-3,-4,-21,-8,-2,-4,0,-12,-12,4,0,7,7,9,4,1,6,2,8,7,0,0,0,0,0,0,0,0,0,0,0,0,0,0,0]} 1. c4 e6 2. Nf3 d5 3. d4 Nf6 4. g3 Be7 5. Bg2 O-O 6. b3 dxc4 7. bxc4 c5 8. O-O {The position is equal.} cxd4 {A14: English Opening: 1...e6 with b3 by White} 9. Nxd4 e5 10. Nb5 {And now Qxd8 would win.} Nc6 11. N1c3 a6 $146 ({Predecessor:} 11... Qxd1 12. Rxd1 Bf5 13. Be3 Ng4 14. Nd5 Nxe3 15. Nxe7+ Nxe7 16. fxe3 {1-0 (27) Lysyj,I (2643)-Salomon,J (2501) Minsk 2017}) 12. Qxd8 Rxd8 13. Nc7 Rb8 14. Bg5 Rd4 15. Rac1 Rxc4 {[#] Threatens to win with ...Ba3.} 16. N3d5 Rxc1 17. Nxe7+ Nxe7 18. Rxc1 Bd7 19. Rb1 Bc6 20. Nxa6 Ra8 21. Nb4 (21. Nc7 {feels hotter.} Rxa2 22. Bxc6 Nxc6 23. Bxf6 gxf6 24. e3) 21... Bxg2 22. Kxg2 Ned5 23. Bxf6 Nxf6 $11 {[%mdl 4096] Endgame KRN-KRN} 24. Rc1 Ne8 25. Rd1 Nf6 26. Rd6 Kf8 27. Rb6 Ra7 28. Rb5 Nd7 29. a4 b6 30. Nd5 Rxa4 31. Nxb6 {Precision: White = 77%, Black = 72%.} 1/2-1/2

[Event "33rd ECCC Open 2017"]
[Site "Antalya"]
[Date "2017.10.16"]
[Round "7"]
[White "Giri, Anish"]
[Black "Zvjaginsev, Vadim"]
[Result "1-0"]
[WhiteElo "2762"]
[BlackElo "2643"]
[Annotator "TA"]
[PlyCount "107"]
[EventType "team-tourn"]
[EventCountry "TUR"]
[SourceTitle "playchess.com"]
[Source "ChessBase"]
[SourceQuality "1"]
[WhiteTeam "Globus"]
[BlackTeam "Legacy Square Capital"]

{[%evp 21,107,43,51,43,54,38,38,37,45,36,27,40,53,47,52,48,83,86,80,77,77,77,77,77,138,139,139,133,124,125,131,126,119,119,156,156,161,147,145,133,133,133,133,133,331,327,313,295,302,283,488,481,430,436,703,695,737,735,708,689,660,649,685,270,1194,1115,1225,1195,12160,6661,6721,4930,29966,29967,29962,29965,29965,29965,29964,29965,29958,29953,6506,5181,29981,29982,29982,29983]} 1. d4 d5 2. c4 e6 3. Nc3 Nf6 4. cxd5 exd5 5. Bg5 c6 6. e3 Bf5 7. Qf3 Be6 8. Bxf6 {D35: Damengambit (Abtauschvariante)} Qxf6 9. Qxf6 gxf6 10. Bd3 Nd7 11. Nge2 Nb6 {LiveBook: 16 Partien} 12. Nf4 Nc8 13. f3 {[#]} h5 $146 ({Vorgänger:} 13... Nd6 14. Kf2 O-O-O 15. g3 Kb8 16. Rad1 Bc8 17. Rhe1 Be7 18. Re2 h5 19. h4 Nf5 20. a3 {½-½ (20) Georgiev,K (2608)-Ivanisevic,I (2650) Kragujevac 2016}) 14. h4 Bd6 15. Nce2 Bd7 16. Kf2 Ne7 17. Ng3 Bxf4 $1 18. exf4 O-O-O 19. Rhe1 Rde8 20. Re3 Kd8 21. Rae1 a6 22. b4 Nc8 ({Lieber} 22... f5) 23. Rxe8+ $16 Bxe8 24. a4 $36 {[%cal Ba2a4,Ba4a5][%mdl 2080] Weiss ist am Drücker.} Bd7 25. a5 Nd6 26. f5 Bc8 27. Re2 Kc7 28. Ke3 b6 29. axb6+ Kxb6 30. Kf4 a5 31. bxa5+ Kxa5 32. Re7 Rg8 $2 (32... Rh7 $16 33. Ne2 Ba6) 33. Nxh5 $18 Rxg2 34. Nxf6 Rd2 35. Re3 Nc4 $2 {[#]} (35... Kb4 {ist eine bessere Verteidigung.} 36. h5 Rh2) 36. Bxc4 $1 dxc4 {[%mdl 4096] Endspiel KTL-KTS} 37. h5 {[%cal Bh4h5,Bh5h6,Bh6h7][%mdl 32]} Kb4 (37... Rh2 $142 38. Re8 Ba6) 38. h6 Rh2 39. h7 c3 40. Kg5 c2 41. Re1 Kb3 {Jetzt ...La6 und Schwarz darf weiter klammern.} 42. Rc1 $2 (42. Nh5 Re2 43. Rxe2 c1=Q+ 44. f4 Qg1+ 45. Kf6 Qxd4+ 46. Re5 Qd8+ 47. Kg7 Bxf5 48. h8=Q Qxh8+ 49. Kxh8) 42... Bd7 $2 (42... Rxh7 43. Nxh7 Kb2) 43. Nh5 f6+ 44. Nxf6 Be8 45. Nxe8 Rxh7 {KTS-KT} 46. f6 {[%cal Bf5f6,Bf6f7][%mdl 32]} Kb2 47. Rxc2+ Kxc2 {KT-KS} 48. Kg6 Rh3 {[#]} 49. f4 $1 Rg3+ 50. Kf5 Rg8 51. f7 Rf8 52. Kg6 Kd3 53. Kg7 Rxf7+ 54. Kxf7 {Precision: Weiß = 88%, Schwarz = 42%.} 1-0

[Event "33rd ECCC Open 2017"]
[Site "Antalya"]
[Date "2017.10.16"]
[Round "7"]
[White "Wojtaszek, Radoslaw"]
[Black "Naiditsch, Arkadij"]
[Result "1/2-1/2"]
[WhiteElo "2737"]
[BlackElo "2702"]
[Annotator "TA"]
[PlyCount "61"]
[EventType "team-tourn"]
[EventCountry "TUR"]
[SourceTitle "playchess.com"]
[Source "ChessBase"]
[SourceQuality "1"]
[WhiteTeam "Novy Bor"]
[BlackTeam "Odlar Yurdu"]

{[%evp 30,61,16,11,16,15,14,20,35,27,16,18,18,17,24,18,19,20,22,22,20,-29,-27,-24,8,4,4,3,4,5,14,17,16,8]} 1. d4 Nf6 2. c4 e6 3. Nf3 d5 4. g3 dxc4 5. Bg2 c5 6. O-O Nc6 7. dxc5 Qxd1 8. Rxd1 Bxc5 9. Nbd2 c3 10. bxc3 O-O 11. Nb3 Be7 12. c4 Bd7 13. Bb2 {E04: Open Catalan: 5 Nf3} Rfd8 14. Nfd4 Rac8 15. Nb5 b6 16. Nd6 {LiveBook: 18 Games} Bxd6 17. Rxd6 Be8 {[#]} 18. Rd3 $146 ({Predecessor:} 18. Rxd8 Nxd8 19. Rc1 Bc6 20. c5 Bxg2 21. Kxg2 {½-½ (31) Nisipeanu,L (2667)-Naiditsch,A (2685) Linares 2015}) 18... Nb4 19. Rxd8 Rxd8 20. Bc3 a5 21. c5 bxc5 $1 22. Nxc5 Bb5 23. Nb7 Rc8 24. Bxf6 gxf6 25. a3 Nc2 26. Rc1 {[#] Strongly threatening Nd6.} Rc3 27. Bf3 {The position is equal.} Ba4 28. Nxa5 Rxa3 29. Nc4 Ra1 30. Rxa1 Nxa1 31. Nd2 {Precision: White = 64%, Black = 64%.} 1/2-1/2

[Event "33rd ECCC Open 2017"]
[Site "Antalya"]
[Date "2017.10.16"]
[Round "7"]
[White "Matlakov, Maxim"]
[Black "David, Alberto"]
[Result "1-0"]
[WhiteElo "2730"]
[BlackElo "2569"]
[Annotator "TA"]
[PlyCount "97"]
[EventType "team-tourn"]
[EventCountry "TUR"]
[SourceTitle "playchess.com"]
[Source "ChessBase"]
[SourceQuality "1"]
[WhiteTeam "Mednyi Vsadnik"]
[BlackTeam "Padova"]

{[%evp 16,97,17,13,25,21,13,18,29,22,34,30,25,31,29,30,34,33,40,39,37,45,43,43,47,20,22,0,26,30,58,50,60,58,49,47,49,42,46,43,72,72,72,69,82,76,130,112,155,150,158,158,187,159,202,192,217,208,235,227,277,269,485,459,453,454,410,373,328,356,431,433,436,385,379,381,361,373,365,343,620,624,864,836]} 1. d4 e6 2. c4 Nf6 3. g3 d5 4. Bg2 Bb4+ 5. Nd2 O-O 6. Ngf3 b6 7. O-O Bb7 8. b3 {E16: Queen's Indian: 4 g3 Bb7 5 Bg2 Bb4+} c5 9. Bb2 {LiveBook: 5 Games} Nc6 10. cxd5 {White has an edge.} exd5 11. a3 $146 ({Predecessor:} 11. dxc5 Bxc5 12. Ne1 Qe7 13. Ndf3 Rfe8 14. Nd3 Ba3 15. Bxa3 Qxa3 16. Re1 Rac8 17. Qc1 Qd6 18. Qb2 d4 19. Nd2 Nd5 {½-½ (28) Karjakin,S (2769)-Eljanov,P (2760) Wijk aan Zee 2016}) 11... Bxd2 12. Nxd2 Nxd4 13. Bxd4 cxd4 14. Nf3 Re8 15. Nxd4 Ne4 16. Rc1 Rc8 17. Rxc8 Qxc8 18. Qa1 Qc7 19. Rc1 Qe5 20. f4 Qf6 21. Nb5 Qxa1 (21... Qd8 {is interesting.} 22. Rc2 h5 23. Nd4 Nd6 24. Qc1 h4) 22. Rxa1 Nf6 23. Rc1 $36 {[%mdl 2048] [#] Hoping for Nd6. White has some pressure.} h5 ({Don't blunder} 23... Rxe2 $2 24. Nd6 $18) 24. Bf3 Ba6 $1 {[%cal Ra6b5]} 25. Nd4 {Rc7 is the strong threat.} Re7 26. Rc2 g6 27. Kf2 Kg7 28. Nc6 Rc7 29. Nb4 Rxc2 30. Nxc2 $14 {[%mdl 4096] Endgame KBN-KBN} Bc8 {[#]} ({Black should try} 30... Kf8) 31. Ke3 $1 $16 Ne8 32. Bxd5 Nd6 33. Nd4 Bd7 34. Kd3 Kf8 35. Nc6 a5 36. e4 {[%cal Be2e4,Be4e5][%mdl 32]} Bc8 37. a4 Ke8 38. Kd4 f6 $2 (38... Kf8 {keeps fighting.} 39. b4 axb4 40. Nxb4 Bd7) 39. e5 $18 Nf5+ 40. Ke4 fxe5 41. Nxe5 Nd6+ 42. Kd4 Nf5+ 43. Kc3 h4 44. g4 Ne3 45. Bc6+ Ke7 46. h3 (46. Nxg6+ Kd6 $16) 46... Kd6 47. Bf3 Ba6 $2 (47... Nd5+ 48. Bxd5 Kxd5) 48. Nxg6 Bf1 49. f5 {Precision: White = 82%, Black = 38%.} 1-0

[Event "33rd ECCC Open 2017"]
[Site "Antalya"]
[Date "2017.10.15"]
[Round "7"]
[White "Navara, David"]
[Black "Guseinov, Gadir"]
[Result "1/2-1/2"]
[WhiteElo "2726"]
[BlackElo "2647"]
[Annotator "TA"]
[PlyCount "92"]
[EventType "team-tourn"]
[EventCountry "TUR"]
[SourceTitle "playchess.com"]
[Source "ChessBase"]
[SourceQuality "1"]
[WhiteTeam "Novy Bor"]
[BlackTeam "Odlar Yurdu"]

{[%evp 18,92,0,0,0,0,8,-1,20,9,11,14,50,37,48,41,44,46,62,64,62,62,60,62,59,67,64,16,14,10,32,41,38,0,0,-8,0,0,0,0,0,0,4,0,0,0,0,0,0,0,0,0,0,0,0,0,0,0,0,0,0,0,0,0,0,0,0,0,0,0,0,0,0,0,0,0,0]} 1. e4 c5 2. c3 d5 3. exd5 Qxd5 4. d4 g6 5. Nf3 Bg7 6. Na3 cxd4 7. Bc4 {B06: Modern Defence} (7. Nb5 Na6 8. Nbxd4 Nf6 9. Bb5+ Bd7 10. Bxd7+ Nxd7 11. O-O O-O 12. Qe2 e5 13. Nb5 e4 14. Ng5 Ndc5 {0-1 (41) Dubov,D (2661)-Svidler,P (2727) Berlin 2015}) 7... Qe4+ 8. Be3 Nh6 9. Nb5 O-O 10. cxd4 {LiveBook: 42 Games} Nf5 11. Qe2 Nc6 12. O-O Nd6 $146 ({Predecessor:} 12... Nxe3 13. fxe3 Bh6 14. Rae1 Bf5 {0-1 (60) Kordzaia,R (2110)-Sevdimaliyev,U (2363) Rustavi 2014}) 13. Nc3 Qf5 14. Bb3 Qh5 15. h3 Na5 16. Bg5 $36 {[%mdl 2048] White is pushing.} Nxb3 17. axb3 Nf5 18. Rfd1 $1 {Hoping for Nd5.} h6 19. Bf4 (19. Bxe7 Re8 $15) 19... g5 20. Be5 f6 21. Bh2 Qf7 22. Re1 h5 $1 23. Qe4 e6 24. Nb5 {Nc7 is the strong threat.} Bd7 {[%cal Bc8d7,Bd7c6,Bc6d5,Bd5b3][%mdl 32]} 25. Nc7 ({Of course not} 25. Qxb7 Bxb5 26. Qxb5 g4 $15) 25... Rac8 {The position is equal.} 26. Rxa7 Bc6 $1 {[%cal Rc6e4]} 27. Qxe6 Qxe6 28. Nxe6 Rfe8 {aiming for ...Bxf3.} 29. Raa1 Bd5 30. Nc7 Rxe1+ 31. Nxe1 Bxb3 32. d5 Bf8 33. Nf3 Bd6 34. Bxd6 Nxd6 35. Nd4 Rxc7 36. Nxb3 $11 {[%mdl 4096] Endgame KRN-KRN} Rc2 37. Ra8+ Kf7 38. Rd8 Rxb2 {[#] Threatens to win with ...Ke7.} 39. Rd7+ Kg6 40. Nc5 Rb5 41. Ne6 Rxd5 42. g4 hxg4 43. hxg4 {[#] Intending Nf8+ and mate.} f5 44. Nd8 Rd4 45. gxf5+ Nxf5 46. Rxd4 Nxd4 {Precision: White = 86%, Black = 65%.} 1/2-1/2

[Event "33rd ECCC Open 2017"]
[Site "Antalya"]
[Date "2017.10.15"]
[Round "7"]
[White "Jakovenko, Dmitry"]
[Black "Barnaure, Vlad-Victor"]
[Result "1-0"]
[WhiteElo "2710"]
[BlackElo "2476"]
[Annotator "TA"]
[PlyCount "119"]
[EventType "team-tourn"]
[EventCountry "TUR"]
[SourceTitle "playchess.com"]
[Source "ChessBase"]
[SourceQuality "1"]
[WhiteTeam "Alkaloid"]
[BlackTeam "Baia Mare"]

{[%evp 23,119,18,56,60,75,45,66,67,75,72,85,81,90,86,102,90,105,110,115,110,137,140,129,136,154,147,148,142,143,141,144,130,147,156,205,201,181,179,179,176,236,268,263,251,257,255,251,240,223,223,470,458,771,715,631,618,12827,11306,6833,9610,6813,603,2464,2345,12834,12833,12835,12836,12836,12837,12837,12837,12838,12837,12838,12838,12840,12834,12839,12838,12840,12840,12840,12839,12839,12839,12846,12847,12851,29973,12851,29974,12851,29975,12851,29972,12851,0]} 1. e4 c5 2. Nf3 Nc6 3. Bb5 g6 4. Bxc6 bxc6 5. O-O Bg7 6. Re1 Nh6 7. c3 O-O 8. h3 f6 9. d4 cxd4 10. cxd4 Nf7 11. Nc3 d6 12. Be3 e5 {LiveBook: 5 Games} 13. Rc1 {B31: Sicilian: 2...Nc6 3 Bb5 g6} Qe7 14. Qd2 $146 ({Predecessor:} 14. dxe5 fxe5 15. b4 a6 16. Na4 Bb7 17. Nd2 Bh6 18. Bxh6 Nxh6 19. Nc4 Nf7 20. Na5 Qc7 {1-0 (37) Libiszewski,F (2446)-Isserman,R (2273) Nice 2003}) 14... f5 {Threatens to win with ...f4.} 15. dxe5 {White is slightly better.} dxe5 16. Na4 {Bc5 is the strong threat.} Rd8 17. Qa5 f4 18. Bc5 Qb7 19. Ba3 Qb5 20. Rc5 Qxa5 21. Rxa5 Be6 22. b3 Rdb8 23. Ra6 Bc8 24. Rxc6 Bd7 25. Rc7 Bxa4 26. bxa4 Rc8 27. Rec1 Rxc7 28. Rxc7 Bf8 29. Bxf8 Kxf8 $18 {[%mdl 4096] Endgame KRN-KRN} 30. a5 a6 31. Rc5 Rb8 (31... Re8 $142 32. Kf1 Rb8 33. Nxe5 Rb1+ 34. Ke2 Rb2+ 35. Kf3 Ng5+ 36. Kg4 Nxe4 37. Rc8+ Ke7) 32. Nxe5 Nxe5 33. Rxe5 {KR-KR} Rb1+ 34. Kh2 Rb2 35. f3 $1 Rxa2 36. h4 $1 {[%cal Bh3h4,Bh4h5,Bh5g6][%mdl 32]} Kg7 $2 (36... h5 37. Kh3 Kf7) 37. h5 Kh6 {[#]} (37... Kf7 $142 38. Rc5 Kg7) 38. hxg6 $1 hxg6 {[#]} 39. Kh3 $1 g5 {and the idea ...Kh5 leaves Black hopeful.} 40. Re6+ Kh5 41. Rxa6 g4+ 42. fxg4+ Kg5 43. Ra8 Ra3+ 44. Kh2 Ra2 45. a6 f3 46. a7 f2 47. Rg8+ Kh6 48. Rf8 Rxa7 49. Rxf2 Ra4 50. Rf4 Ra3 51. Rf3 Ra4 52. Re3 Kg5 53. Kg3 Ra1 54. e5 {[%cal Be4e5,Be5e6,Be6e7][%mdl 32]} Ra4 55. e6 Rxg4+ 56. Kf3 Rf4+ 57. Ke2 Rf8 58. e7 Re8 59. Kf3 (59. g3 $18 Kg6 60. Kf3) 59... Kf6 60. Ke4 $2 {[%mdl 32768] Precision: White = 84%, Black = 40%. . Sensor Board Error (Ke4/e5)?} (60. g3 $18 Kg5 61. Re5+ Kf6 62. Kf4) 1-0

[Event "33rd ECCC Open 2017"]
[Site "Antalya"]
[Date "2017.10.14"]
[Round "7"]
[White "Andreikin, Dmitry"]
[Black "Lupulescu, Constantin"]
[Result "1/2-1/2"]
[WhiteElo "2705"]
[BlackElo "2620"]
[Annotator "TA"]
[PlyCount "71"]
[EventType "team-tourn"]
[EventCountry "TUR"]
[SourceTitle "playchess.com"]
[Source "ChessBase"]
[SourceQuality "1"]
[WhiteTeam "Alkaloid"]
[BlackTeam "Baia Mare"]

{[%evp 27,71,0,7,0,9,0,10,0,0,0,0,4,9,0,21,24,17,21,16,9,18,5,27,14,16,7,44,41,59,50,53,0,0,0,0,0,0,0,4,4,7,5,6,7,4,4]} 1. d4 d5 2. c4 e6 3. Nf3 Nf6 4. Nc3 Nbd7 5. cxd5 exd5 6. Qc2 c6 7. Bg5 Be7 8. e3 Nh5 9. Bxe7 Qxe7 10. O-O-O Nb6 11. h3 {D36: Queen's Gambit Declined: Exchange Variation: Main line (5 Bg5 c6 6 Qc2)} (11. Ne5 Nf6 12. Bd3 Ng4 13. Nf3 Be6 14. Kb1 O-O-O 15. Rc1 Kb8 16. Rhe1 Nf6 17. Nd2 Rc8 18. Nb3 Nfd7 {1-0 (49) Dreev,A (2652)-Vitiugov,N (2726) Doha 2016}) 11... Be6 12. Kb1 Nf6 13. Bd3 O-O-O 14. Nd2 Kb8 {LiveBook: 9 Games} 15. Rc1 g6 16. Nb3 Nfd7 17. h4 $146 ({Predecessor:} 17. Ka1 Rc8 18. Ne2 f5 19. h4 h5 20. Nf4 Bf7 {½-½ (42) Ovod,E (2361)-Romanko,M (2349) Moscow 2013}) 17... f5 18. Ne2 Nc4 19. Nf4 Bf7 20. Be2 h6 21. Nd3 g5 22. Ka1 Ka8 23. g3 Rhe8 24. Nd2 Rf8 25. a3 Rde8 26. Rh2 Nxd2 (26... Bg6 {seems wilder.} 27. Nxc4 dxc4 28. Nb4 Rf6 29. hxg5 hxg5 30. Bh5 Bxh5 31. Rxh5 f4) 27. Qxd2 Bg6 28. hxg5 hxg5 29. Bh5 (29. Rch1 $14) 29... Bxh5 $11 {The position is equal.} 30. Rxh5 Nf6 31. Rh2 Rh8 32. Rch1 Rxh2 33. Rxh2 a6 34. Ka2 Ka7 35. Ne5 Ng4 36. Nxg4 {Precision: White = 42%, Black = 59%.} 1/2-1/2